000 00532nam a2200217 4500
005 20240219161028.0
008 240219b |||||||| |||| 00| 0 eng d
020 _a9789352533800
_cRs. 750.00
040 _aMAIN
082 _a620.136
_bS59C(8)
100 _4Shetty, M S
245 _aConcrete technology: Theory and practice
250 _a8th
260 _aNoida
_bS Chand
_c2023
300 _axxviii, 636
650 _aEngineering
650 _aConcrete Technology
700 _aJain, A K
942 _cBK
999 _c314219
_d314219